000 00758nam a2200265Ia 4500
003 OSt
005 20220918210251.0
006 a|||||r|||| 00| 0
007 ta
008 220917b |||||||| |||| 00| 0 eng d
024 _a119,881
037 _cTextual
040 _aARTS
_cARTS
_beng
041 _2eng
_aeng
082 _aV73,1:9N7, M0
100 _aPatterson Thomas E
_9117672
245 0 _aMass media elections
_b How Americans choose their president
260 _aNew York
_bPraeger
_c1980
300 _axvi, 203p.
_ccm.
490 _aAmerican political partiesand elections
500 _aBibliography p193-199
650 _aHISTORY
942 _hV73,1:9N7, M0
_cTEXL
_2CC
999 _c243140
_d243140